Statistics for Grand Slam Top Seeded Players

Click here to take the quiz!

General Stats

  • This quiz has been taken 150 times
    (31 since last reset)
  • The average score is 10 of 13

Answer Stats

Player% Correct
Andy Murray
96%
Novak Djokovic
96%
Rafael Nadal
96%
Roger Federer
96%
Serena Williams
89%
Carlos Alcaraz
79%
Daniil Medvedev
75%
Ashleigh Barty
71%
Angelique Kerber
68%
Iga Świątek
68%
Naomi Osaka
54%
Simona Halep
50%
Karolína Pliskova
32%

Score Distribution

Percentile by Number Answered

Percent of People with Each Score

Your Score History

You have not taken this quiz since the last reset